000 00637cam a2200157ua 4500
041 _aeng
_h
082 _a693.61
_bIND/CO
100 _a, ISI.
110 1 _aIndian Standard Institution .
_b
_c()
245 0 0 _aCode of practice for application of lime plaster finish
260 _aNew Delhi :
_bIndian Standards Institution ,
_c1984.
300 _a19 ; .
504 _a
942 _cBK
999 _c6967
_d6967